000 00782nam a22002177a 4500
005 20161030020002.0
008 090512s2008 enk rf 001 0 eng d
020 _a9780415386173
041 0 _aeng
044 _axxu
082 0 4 _a302.23
_bB918h
245 0 0 _aHandbook of public communication of science and technology
_cedited by Massimiano Bucchi and Brian Trench
260 _aLondon ;
_aNew York
_bRoutledge
_bTaylor & Francis Group
_c2008.
300 _axiii, 263 p.
_c25 cm.
504 _aIncluye referencias bibliográficas e índice.
650 1 4 _aComunicación científica
_vManuales
_91136
650 2 4 _aRedacción de escritos técnicos
_vManuales
_91137
700 1 _aBucchi, Massimiano
_d1970-
_eed.
_91138
700 1 _aTrench, Brian
_eed.
_91139
942 _2ddc
_cImpreso
_03
999 _c7494
_d7494